[Event "Star Wars"]
[Site "http://www.queenalice.com/game.php?id=7352"]
[Date "2005.3.20"]
[Round "-"]
[White "Adriano_Pereira"]
[Black "Obiwankenobi"]
[Result "1-0"]
[WhiteElo "1134"]
[BlackElo "1100"]

1. e4 e5 2. d3 c6 3. Nf3 f6 4. c3 d5 5. exd5 cxd5 6. Qa4 Nc6 7. d4 Bd7 8. Bd3
Na5 9. Bb5 a6 10. Bxd7+ Qxd7 11. Qxa5 Qb5 12. b4 exd4 13. cxd4 Qxb4 14. Bd2 b6
15. Qxd5 Qb5 16. Qxa8 Kf7 17. Nc3 Qe8 18. Qe4 g6 19. O-O-O f5 20. Qe5 Bg7 21.
Qe3 Ne7 22. Rde1 Nc6 23. Ng5 Kf6 24. Nd5 1-0

[Event "Challenge"]
[Site "http://www.queenalice.com/game.php?id=7392"]
[Date "2005.3.21"]
[Round "-"]
[White "Marcelo"]
[Black "Obiwankenobi"]
[Result "1-0"]
[WhiteElo "1726"]
[BlackElo "863"]

1. d4 d5 2. Bf4 f6 3. Nc3 e5 4. dxe5 fxe5 5. Bxe5 Nc6 6. Bg3 d4 7. Nb5 Bb4 8. c3
dxc3+ 9. Nxc3 Na5 10. Qxd8 Kxd8 11. e3 Nf6 12. Bd3 Ng4 13. Rd1 Ke7 14. Bxc7 Rf8
15. Nf3 Bf5 16. h3 Kd7 17. Bxa5 Bxa5 18. Bxf5+ Ke7 19. Bxg4 Rfd8 20. O-O Rd6 21.
Nd5+ Kf8 22. Nf4 Bc7 23. Rxd6 Bxd6 24. Rd1 g5 25. Rxd6 Ke7 26. Rd7+ 1-0

[Event "R2D2"]
[Site "http://www.queenalice.com/game.php?id=7492"]
[Date "2005.3.22"]
[Round "-"]
[White "Ziller"]
[Black "Obiwankenobi"]
[Result "1-0"]
[WhiteElo "1420"]
[BlackElo "863"]

1. d4 f6 2. e4 c6 3. Bc4 d5 4. exd5 cxd5 5. Bb3 Bd7 6. Ne2 e5 7. Bxd5 Qa5 8.
Nec3 Bb4 9. Bxb7 exd4 10. Qxd4 Qe5 11. Be3 Nc6 12. Qxe5 Nxe5 13. Bxa8 Bc6 14.
Bxc6 Nxc6 15. O-O Nge7 16. a3 Bd6 17. Nb5 Be5 18. Nxa7 h5 19. Nxc6 Nxc6 20. c4
h4 21. Nd2 h3 22. Nf3 hxg2 23. Kxg2 Bxb2 24. Ra2 Bc3 25. Rh1 Ne5 26. Nxe5 Bxe5
27. a4 g5 28. Rd2 f5 29. Bxg5 Rh5 30. Be3 f4 31. Ba7 Rg5 32. Kf3 Rg7 33. Bd4 Re7
34. Rb1 Kf7 35. Bb6 Bc3 36. Rd3 Be5 37. Bc5 Kf6 38. Bxe7 Kxe7 39. Rb6 1-0

[Event "Brasil - Floripa"]
[Site "http://www.queenalice.com/game.php?id=7652"]
[Date "2005.3.24"]
[Round "-"]
[White "marcos"]
[Black "Obiwankenobi"]
[Result "1-0"]
[WhiteElo "1510"]
[BlackElo "863"]

1. e4 d5 2. exd5 e6 3. dxe6 Bxe6 4. d4 Bf5 5. g3 Qe7 6. Be3 Nc6 7. b3 O-O-O 8.
Nf3 Bg4 9. Bg2 Rxd4 10. Qe2 Rd5 11. h3 Qe4 12. hxg4 Bb4 13. c3 Qd3 14. Rh5 Bxc3+
15. Nfd2 Bxd2+ 16. Qxd2 Nf6 17. Rxd5 Qxd5 18. Bxd5 Nxd5 19. Qxd5 Rd8 20. Qxf7
Ne5 21. Qf5+ Nd7 22. Qxh7 g5 23. Bxg5 Nf8 24. Qf5+ Rd7 25. Qxf8+ Rd8 26. Qxd8#
1-0

[Event "A guerra dos clones"]
[Site "http://www.queenalice.com/game.php?id=7658"]
[Date "2005.3.24"]
[Round "-"]
[White "rpina73"]
[Black "Obiwankenobi"]
[Result "0-1"]
[WhiteElo "872"]
[BlackElo "843"]

1. e3 e6 2. Nc3 d5 3. Bd3 f5 4. Qh5 g6 5. Qf3 Nf6 6. Bb5+ c6 7. Ba4 Bb4 8. Nh3
O-O 9. d4 b5 10. Bb3 e5 11. Ng5 exd4 12. exd4 Re8+ 13. Be3 Ng4 14. O-O Nxe3 15.
fxe3 Qxg5 16. g4 Qxe3+ 17. Kg2 Qxd4 18. Ne2 Qxg4+ 19. Qg3 Rxe2+ 20. Rf2 Bc5 21.
Rf1 Qe4+ 22. Qf3 Rxf2+ 23. Rxf2 Bxf2 24. Kxf2 b4 25. c4 bxc3 26. bxc3 Ba6 27.
Qg3 Qe2+ 28. Kg1 Qf1# 0-1

[Event "Nos avon que try"]
[Site "http://www.queenalice.com/game.php?id=8274"]
[Date "2005.3.30"]
[Round "-"]
[White "Obiwankenobi"]
[Black "Katasstrov"]
[Result "0-1"]
[WhiteElo "863"]
[BlackElo "1100"]

1. d4 Nf6 2. e3 d6 3. Bb5+ c6 4. Ba4 Bg4 5. Nf3 Ne4 6. O-O Ng5 7. d5 Nxf3+ 8.
gxf3 Bh3 9. Re1 e5 10. dxc6 Qg5+ 11. Kh1 Qg2# 0-1

[Event "C3PO"]
[Site "http://www.queenalice.com/game.php?id=8681"]
[Date "2005.4.3"]
[Round "-"]
[White "Adriano_Pereira"]
[Black "Obiwankenobi"]
[Result "1-0"]
[WhiteElo "1278"]
[BlackElo "890"]

1. d4 d5 2. e3 c6 3. g3 Qa5+ 4. b4 Qxb4+ 5. Qd2 e6 6. c3 Qd6 7. Ba3 Qd7 8. Nf3
Nh6 9. Ne5 Qc7 10. Bh3 c5 11. Bxc5 f6 12. Ng4 Nxg4 13. Bxg4 f5 14. Bd1 b6 15.
Bxf8 Rxf8 16. Bh5+ g6 17. Bd1 Nc6 18. Ba4 e5 19. dxe5 Qxe5 20. Bxc6+ Ke7 21.
Bxa8 Bd7 22. Qxd5 Qxd5 23. Bxd5 Kd6 24. c4 b5 25. O-O bxc4 26. Bxc4 Rc8 27. Ba6
Rc6 28. Bb5 Rc5 29. Rd1+ Rd5 30. Rxd5+ Kxd5 31. Bxd7 Kd6 32. Bb5 Kc5 33. Na3 Kb4
34. f3 Kxa3 35. e4 Kb4 36. Be8 Kc3 37. a4 Kd3 38. a5 fxe4 39. Rd1+ Ke2 40. Ra1
exf3 41. Rf1 g5 42. Bb5+ Ke3 43. Bc6 g4 44. Bd7 h5 45. Be8 f2+ 46. Rxf2 h4 47.
gxh4 a6 48. h5 1-0

[Event "Challenge"]
[Site "http://www.queenalice.com/game.php?id=10856"]
[Date "2005.4.24"]
[Round "-"]
[White "Knight_armor"]
[Black "Obiwankenobi"]
[Result "1-0"]
[WhiteElo "1525"]
[BlackElo "935"]

1. e4 e5 2. Nc3 Nc6 3. Qf3 f6 4. a3 Nge7 5. Nge2 d6 6. h3 Ng6 7. d3 Nh4 8. Qh5+
Ng6 9. Be3 Be7 10. f4 O-O 11. f5 Nf4 12. Bxf4 exf4 13. Nxf4 Nd4 14. O-O-O c6 15.
g4 d5 16. exd5 cxd5 17. Nfxd5 Bc5 18. Re1 Re8 19. Rxe8+ Qxe8 20. Qxe8+ Bf8 21.
Ne7+ Kh8 22. Qxf8# 1-0

[Event "A vinganÃ§a de Sith"]
[Site "http://www.queenalice.com/game.php?id=11487"]
[Date "2005.4.29"]
[Round "-"]
[White "rpina73"]
[Black "Obiwankenobi"]
[Result "1-0"]
[WhiteElo "889"]
[BlackElo "993"]

1. e3 e5 2. Qf3 Nf6 3. g4 g5 4. Nh3 Be7 5. Nxg5 Ng8 6. Nxf7 e4 7. Qf4 Bd6 8. Qf5
Ne7 9. Qh5 O-O 10. Nxd8 Rxd8 11. Bc4+ Kg7 12. Qg5+ Ng6 13. Qf5 Rf8 14. Qxe4 Nh4
15. Qd4+ Rf6 16. g5 Nf3+ 17. Ke2 Nxd4+ 18. exd4 Rf4 19. Rg1 Re4+ 20. Kd3 Rf4 21.
Nc3 c5 22. Nd5 Rxd4+ 23. Ke3 Rxc4 24. d3 Rd4 25. b4 Rxd5 26. Ke4 Re5+ 27. Kf3 b6
28. Rg4 Bb7+ 29. Re4 Rf5+ 30. Kg4 Re5 31. Bb2 cxb4 32. Bxe5+ Bxe5 33. Rxe5 Nc6
34. Rf5 d6 35. Re1 Nd4 36. Rf6 h6 37. Re7+ Kh8 38. Rxh6+ Kg8 39. g6 Bf3+ 40. Kg5
Nxc2 41. Rf7 Rf8 42. Rhh7 a5 43. Rfg7# 1-0

[Event "Challenge"]
[Site "http://www.queenalice.com/game.php?id=13035"]
[Date "2005.5.14"]
[Round "-"]
[White "Obiwankenobi"]
[Black "SandroChaves"]
[Result "0-1"]
[WhiteElo "945"]
[BlackElo "1223"]

1. e4 e5 2. d3 c6 3. Nc3 Nf6 4. d4 exd4 5. Qxd4 Be7 6. Qd1 b5 7. a4 b4 8. e5 Ne4
9. Bc4 Bh4 10. Qh5 Nd6 11. Nf3 Nxc4 12. Nxh4 bxc3 13. Nf5 O-O 14. bxc3 Nxe5 15.
Bg5 f6 16. Bh4 Ng6 17. O-O d6 18. Qg4 Bxf5 19. Qc4+ d5 20. Qb3 Nxh4 21. c4 Qe8
22. cxd5 Qg6 23. dxc6+ Rf7 24. Rad1 Qxg2# 0-1

[Event "Chewbacca II"]
[Site "http://www.queenalice.com/game.php?id=13192"]
[Date "2005.5.16"]
[Round "-"]
[White "Adriano_Pereira"]
[Black "Obiwankenobi"]
[Result "1-0"]
[WhiteElo "1387"]
[BlackElo "945"]

1. e4 e5 2. Qh5 Nf6 3. Qxe5+ Be7 4. b3 O-O 5. Bd3 Re8 6. Qg3 d5 7. e5 Bb4 8. c3
Nh5 9. Qf3 Rxe5+ 10. Be2 Ba5 11. d4 Re7 12. Qxh5 b6 13. b4 c5 14. Kd1 cxb4 15.
Bd3 Qe8 16. Qxh7+ Kf8 17. Qh8# 1-0

[Event "SÃ¡bado"]
[Site "http://www.queenalice.com/game.php?id=13917"]
[Date "2005.5.21"]
[Round "-"]
[White "sibeli"]
[Black "Obiwankenobi"]
[Result "0-1"]
[WhiteElo "1122"]
[BlackElo "935"]

1. d4 e6 2. Qd3 c6 3. Qf3 Bb4+ 4. c3 Bd6 5. b4 c5 6. dxc5 Be5 7. g3 a5 8. Qe4
Nc6 9. bxa5 d5 10. Qg4 d4 11. Qxg7 Bxg7 12. Bb2 dxc3 13. Bxc3 Nd4 14. e3 Nc2+
15. Ke2 Bxc3 16. Nxc3 Nxa1 17. Bh3 Rxa5 18. Nf3 Ra3 19. Rxa1 Rxc3 20. Nd4 e5 21.
Nb3 Qd3+ 22. Kf3 Qd5+ 23. Ke2 Bxh3 24. Rd1 Rc2+ 25. Nd2 Nf6 26. Ke1 Qh1+ 27. Ke2
Bg4+ 28. Kd3 Bf5+ 29. e4 Bxe4+ 30. Nxe4 Qxe4# 0-1

[Event "Chewbacca III"]
[Site "http://www.queenalice.com/game.php?id=15971"]
[Date "2005.6.11"]
[Round "-"]
[White "Adriano_Pereira"]
[Black "Obiwankenobi"]
[Result "0-1"]
[WhiteElo "1401"]
[BlackElo "974"]

1. d4 d5 2. e3 e6 3. Qf3 Bb4+ 4. c3 Ba5 5. b4 Bb6 6. Nh3 Nh6 7. Bb5+ c6 8. Be2
c5 9. bxc5 Ba5 10. e4 e5 11. dxe5 d4 12. Bd2 dxc3 13. Bxc3 Bd7 14. Nd2 Ba4 15.
Nc4 Bc7 16. e6 fxe6 17. Bxg7 Rg8 18. Bxh6 Qd4 19. Rd1 Bxd1 20. Bxd1 Qxc4 21. Ng5
Ba5+ 22. Qc3 Bxc3# 0-1

[Event "Invitation"]
[Site "http://www.queenalice.com/game.php?id=18517"]
[Date "2005.7.6"]
[Round "-"]
[White "darkart"]
[Black "Obiwankenobi"]
[Result "0-1"]
[WhiteElo "885"]
[BlackElo "974"]

1. e4 e5 2. Nf3 f6 3. c3 c6 4. d4 exd4 5. cxd4 Bb4+ 6. Bd2 Qe7 7. a3 Qxe4+ 8.
Qe2 Qxe2+ 9. Bxe2 Bd6 10. g3 b6 11. b4 Na6 12. h4 c5 13. g4 Bb7 14. g5 cxb4 15.
O-O fxg5 16. hxg5 h6 17. Rc1 hxg5 18. Nxg5 Rh1# 0-1